Les arrêts du bus 43 RATP (Paris) - Statistiques

Statistiques générales
  • Ce quiz a été pris 4 fois
  • Le résultat moyen est 19 sur 44
Statistiques - réponses
Numéro Arrêts % Correct
21 Ternes
100%
36 Cadet
75%
34 Carrefour de Châteaudun
75%
10 Maurice Barrès
75%
6 Neuilly - Bagatelle
75%
11 Pont de Neuilly
75%
27 Saint-Augustin
75%
20 Ternes - Mac-Mahon
75%
32 Trinité
75%
18 Anny Flore
50%
16 Chartres
50%
15 Eglise Saint-Pierre
50%
23 Friedland - Haussmann
50%
44 Gare du Nord
50%
43 Gare du Nord - Dunkerque
50%
29 Gare Saint-Lazare
50%
24 Haussmann - Courcelles
50%
25 Haussmann - Miromesnil
50%
1 Hippodrome de Longchamp
50%
40 Magenta - Maubeuge
50%
28 Pasquier - Anjou
50%
7 Place de Bagatelle
50%
14 Sainte-Foy
50%
35 Châteaudun - Lamartine
25%
39 Condorcet
25%
19 Eglise Saint-Ferdinand
25%
31 Gare Saint-Lazare - Budapest
25%
12 Général Gouraud
25%
22 Hoche - Saint-Honoré
25%
42 La Fayette - Magenta
25%
3 Les Moulins - Camping
25%
2 Longchamp - Goodplanet
25%
37 Maubeuge - Rochechouart
25%
17 Montrosier - Parmentier
25%
5 Parc de Bagatelle
25%
41 Place Franz Liszt
25%
4 Route des Moulins
25%
13 Rue de l'Eglise
25%
9 Rue du Bois de Boulogne
25%
8 Rue du Centre
25%
26 Saint-Augustin - La Boétie
25%
33 Saint-Georges - Châteaudun
25%
38 Square Montholon
25%
30 Gare Saint-Lazare - Havre
0%
Aucun quiz correspondant
Distribution des résultats
% des personnes avec chaque résultat
Percentile par nombre de réponses
Votre historique - résultats
Vous n’avez pas pris ce quiz